000 00418nam a22001697a 4500
005 20160503122019.0
008 160503b xxu||||| |||| 00| 0 eng d
020 _a81-203-2048-4
041 _aeng
082 _b1210
100 _aVan Horne James C.
_9411
245 _aFinancial Management Policy.
260 _aNew Delhi
_bPrentice hall of India,
_c2003
300 _a813
650 _aManagement
_9241
942 _cBK
999 _c488
_d488